Aliments commençant par K - Statistiques

Statistiques générales
  • Ce quiz a été pris 2 313 fois
  • Le résultat moyen est 8 sur 15
Statistiques - réponses
Par images Hint Réponse % Correct
Kiwi
100%
Kinder
95%
Kitkat
94%
Kébab
93%
Ketchup
86%
Kaki
78%
Knacki
76%
Cocktail à base de cassis Kir
58%
Kumquat
39%
Gateau breton Kouign-amann
37%
Chou {Kale}
24%
Plante d'Asie Konjac
8%
Kéfir
7%
Kafta
5%
Poudre de soja Kinako
3%
Aucun quiz correspondant
Distribution des résultats
% des personnes avec chaque résultat
Percentile par nombre de réponses
Votre historique - résultats
Vous n’avez pas pris ce quiz